| 000 | 05060namaa22004331i 4500 | ||
|---|---|---|---|
| 003 | OSt | ||
| 005 | 20250714111833.0 | ||
| 008 | 250619s2024 ua a|||frm||| 000 0 eng d | ||
| 040 |
_aEG-GICUC _bara _cEG-GICUC _dEG-GICUC _erda |
||
| 041 | 0 |
_aara _bara _beng |
|
| 049 | _aإيداع | ||
| 082 | 0 | 4 | _a339.46 |
| 092 |
_a339.46 _221 |
||
| 097 | _aدكتوراه | ||
| 099 | _aCai01.22.01.Ph.D.2024.مح.إ | ||
| 100 | 0 |
_a،محمد السيد طلبة أمام _eإعداد. |
|
| 245 | 1 | 0 |
_aإشكاليات رصد الفقر والحرمان الحضري وتوزيعاته المكانية : _bتطوير نموذج منهجي للقياس والتحليل متعدد الأبعاد لدعم صناعة سياسات التنمية والتخطيط الحضري / _c إعداد محمد السيد طلبة أمام؛ تحت إشـــراف: أ.د /طارق وفيق محمد، أ.م.د/عبد الخالق عبد الرحمن عواد. |
| 246 | 1 | 5 |
_aProblems of monitoring urban poverty, deprivation and spatial distributions : _bDeveloping a methodological model of multi-dimensional measuring and analysis for enhancing policy making and urban planning / |
| 264 | 0 | _c2024. | |
| 300 |
_a199+40 صفحة : _bملاحق ؛ _c30 cm. + _eCD. |
||
| 336 |
_atext _2rda content |
||
| 337 |
_aUnmediated _2rdamedia |
||
| 338 |
_avolume _2rdacarrier |
||
| 502 | _aأطروحة (دكتوراه)-جامعة القاهرة، 2024. | ||
| 504 | _aببليوجرافيا: صفحات 202-207. | ||
| 520 | _aتعد مشكلة الفقر والحرمان الحضري من أهم المشكلات الاجتماعية والاقتصادية على المستوى العالمي، حيث يقع قرابة 700 مليون إنسان من سكان الحضر تحت خط الفقر المدقع طبقا لبيانات البنك الدولي في عام 2017م، كما تشير أغلب الدراسات المعنية بظاهرة الفقر والحرمان خلال العقدين الأخيرين إلى غياب التوزيعات والتباينات المكانية، واهتمت بالتعرف على الظاهرة وقياس عناصرها وعواملها المختلفة، والتي أكدت حقيقة أن الفقر ظاهرة معقدة ومتعددة الأبعاد - لا يمكن اختزال قياسه فقط من الناحية النقدية- بل ينشأ من تفاعل العمليات الاقتصادية والسياسية والاجتماعية والعمرانية. ومن خلال دراسة إشكاليات رصد وقياس الفقر والحرمان الحضري ومميزاتها الإيجابية ونقاط الضعف، ودمج تحليل وتحديد النطاقات المكانية تمكن البحث من الوصول إلى تطوير نموذج منهجي مقترح لضبط القياس ورفع كفاءه رصد التوزيع المكاني لتعزيز كفاءة التخطيط وصناعة سياسات التنمية الحضرية المستدامة. | ||
| 520 | _aThe problem of poverty and urban deprivation is one of the most important social and economic problems at the global level, as nearly 700 million urban residents fall below the extreme poverty line, according to World Bank data in 2017. And most studies concerned with the phenomenon of poverty and deprivation during the last two decades indicate the absence of spatial distributions and disparities, that was interested in identifying the phenomenon and measuring its various elements and factors, which confirmed the fact that poverty is a complex and multi-dimensional phenomenon - its measurement cannot be reduced only in monetary terms - but arises from the interaction of economic, political, social and urban processes. By studying problems of monitoring and measuring poverty and urban deprivation, their positive advantages and weaknesses, and integrating the analysis and determination of spatial scopes, the research enabled the development of a systematic model to control measurement and raise the efficiency of monitoring the spatial distribution to enhance efficiency of planning and manufacture of sustainable urban development policies. | ||
| 530 | _aصدر أيضًا كقرص مدمج. | ||
| 546 | _aالنص بالعربية والملخص باللغة الإنجليزية والعربية. | ||
| 650 | 7 |
_a الفقر _2qrmak |
|
| 650 | 7 | _aالتخلف الاقتصادى | |
| 653 | 0 |
_aالفقر والحرمان الحضري _a الفقر متعدد الابعاد _aالتباينات المكانية |
|
| 700 | 0 |
_aطارق وفيق محمد _eمشرف أطروحة. |
|
| 700 | 0 |
_aعبد الخالق عبد الرحمن عواد _eمشرف أطروحة. |
|
| 900 |
_b01-01-2024 _cطارق وفيق محمد _cعبد الخالق عبد الرحمن عواد _Uجامعة القاهرة _Fكلية التخطيط الإقليمي والعمراني _Dقسم التخطيط العمراني |
||
| 905 |
_aSara _eAfaf |
||
| 942 |
_2ddc _cTH _e21 _n0 |
||
| 999 | _c172654 | ||